| 000 | 00867nam a2200277 a 4500 | ||
|---|---|---|---|
| 001 | vtls000099107 | ||
| 003 | NLI | ||
| 005 | 20210601200812.0 | ||
| 008 | 101125s1959 pl 000 0 eng | ||
| 039 | 9 |
_y201011251122 _zVLOAD |
|
| 040 |
_aNLI _beng _cDataSoft _eAACR2 |
||
| 041 | 0 | _aeng | |
| 044 | _apl | ||
| 082 | 0 | 4 | _a327.430 |
| 245 | 0 | 0 |
_aFalsification beware / _cedited by The Editorial Board of Zachodnia Agencia Prasowa |
| 260 |
_aPoznan : _bWydawnictwo Zachodnic Warszawa, _c1959 |
||
| 300 |
_a237 p. ; _c20 cm. |
||
| 650 | 0 |
_aInternational relations _92696 |
|
| 651 | 0 |
_aGermany _xForeign relations _9209085 |
|
| 710 | 2 |
_aEditorial Board of Zachadnia Agencia Prasawa _44edt _9209086 |
|
| 887 | _a | ||
| 901 |
_a330306 _b02.01.1960 |
||
| 902 | _aE327.430438 Z12 | ||
| 949 |
_AVIRTUAITEM _D10000 _X100 _6PUR000330306ENG |
||
| 942 |
_2ddc _cBKS |
||
| 999 |
_aVIRTUA00 _c103003 _d103003 |
||